[Event "Potiguar-ch sf"]
[Site "Natal"]
[Date "2015.09.06"]
[Round "5"]
[White "Born, Ary"]
[Black "Gomes, Jonathan Sagastume"]
[Result "0-1"]
[WhiteElo "1452"]
[BlackElo "1761"]
[PlyCount "90"]
[EventDate "2015.09.04"]
[EventType "swiss"]
[EventRounds "7"]
[EventCountry "BRA"]
[SourceTitle "EXT 2022"]
[Source "ChessBase"]
[SourceDate "2021.10.06"]
[SourceVersion "1"]
[SourceVersionDate "2021.10.06"]
[SourceQuality "1"]

1. d4 d5 2. Nf3 e6 3. Bf4 Bd6 4. Be5 f6 5. Bg3 Nc6 6. e3 Nge7 7. Bd3 e5 8. Bb5 e4 9. Ne5 fxe5 10. dxe5 Bc5 11. Bxc6+ bxc6 12. c3 Ng6 13. h3 Qe7 14. Nd2 Nxe5 15. Qh5+ Ng6 16. 0-0 0-0 17. b4 Bd6 18. a4 Ba6 19. b5 cxb5 20. axb5 Bb7 21. Nb3 Bxg3 22. fxg3 Qe5 23. Qxe5 Nxe5 24. Nd4 Nc4 25. Rxf8+ Kxf8 26. Ne6+ Kf7 27. Nxc7 Rc8 28. Nxd5 Bxd5 29. Rxa7+ Kf8 30. Rd7 Nxe3 31. b6 Rb8 32. Kf2 Nd1+ 33. Ke1 Nxc3 34. Rc7 Na4 35. Kd2 Nxb6 36. Ra7 Nc8 37. Rd7 Ne7 38. g4 Rb2+ 39. Ke3 Rb3+ 40. Kf2 e3+ 41. Kg1 Rb1+ 42. Kh2 e2 43. g5 g6 44. g4 e1Q 45. h4 Qxh4# 0-1

[Event "Potiguar-ch"]
[Site "Natal"]
[Date "2014.08.17"]
[Round "4"]
[White "De Lima, Alan Silva"]
[Black "Gomes, Jonathan Sagastume"]
[Result "1-0"]
[WhiteElo "1912"]
[BlackElo "1776"]
[PlyCount "67"]
[EventDate "2014.08.15"]
[EventType "swiss"]
[EventRounds "9"]
[EventCountry "BRA"]
[SourceTitle "CBM 162 Extra"]
[Source "ChessBase"]
[SourceDate "2014.10.17"]
[SourceVersion "1"]
[SourceVersionDate "2014.10.17"]
[SourceQuality "1"]

1. c4 e5 2. g3 Nf6 3. Bg2 Be7 4. Qb3 Nc6 5. e3 0-0 6. Ne2 d6 7. d3 h6 8. 0-0 Re8 9. Nbc3 Na5 10. Qa4 c5 11. a3 Bd7 12. Qc2 Qb6 13. b4 cxb4 14. axb4 Qxb4 15. Rb1 Qc5 16. Bd2 Qc7 17. Nb5 Bxb5 18. Bxa5 Qxa5 19. Rxb5 Qd8 20. Bxb7 Rb8 21. Bc6 Rf8 22. Rfb1 Qc7 23. Bf3 Rb6 24. Nc3 Rfb8 25. Qa4 a6 26. Rxb6 Rxb6 27. Rxb6 Qxb6 28. Nd5 Qb1+ 29. Kg2 Nxd5 30. Qe8+ Bf8 31. Bxd5 Qxd3 32. Qxf7+ Kh7 33. e4 a5 34. h4 1-0

[Event "Potiguar-ch"]
[Site "Natal"]
[Date "2014.08.15"]
[Round "1"]
[White "Gomes, Jonathan Sagastume"]
[Black "Ananias, Thales Rodrigo Lima"]
[Result "1-0"]
[WhiteElo "1776"]
[BlackElo "1730"]
[PlyCount "69"]
[EventDate "2014.08.15"]
[EventType "swiss"]
[EventRounds "9"]
[EventCountry "BRA"]
[SourceTitle "CBM 162 Extra"]
[Source "ChessBase"]
[SourceDate "2014.10.17"]
[SourceVersion "1"]
[SourceVersionDate "2014.10.17"]
[SourceQuality "1"]

1. d4 d5 2. c4 e6 3. Nf3 Nf6 4. e3 Bd6 5. Be2 0-0 6. 0-0 b6 7. Nc3 Bb7 8. Bd2 Re8 9. Ne5 Nc6 10. f4 Bxe5 11. fxe5 Ne4 12. Nxe4 dxe4 13. Rf4 Nxd4 14. exd4 Qxd4+ 15. Kh1 Rad8 16. Bc3 Qe3 17. Qf1 Re7 18. Re1 Qc5 19. Bg4 Qc6 20. Rfxe4 Red7 21. h3 Qxe4 22. Rxe4 Bxe4 23. Qf4 Bc2 24. c5 Bd1 25. cxb6 cxb6 26. Bxd1 Rxd1+ 27. Kh2 R1d5 28. h4 f6 29. exf6 Rf5 30. Qc7 gxf6 31. Qxd8+ Kg7 32. Qe7+ Kg6 33. g4 Rf2+ 34. Kg3 Re2 35. Qxf6# 1-0

[Event "Potiguar-ch"]
[Site "Natal"]
[Date "2013.10.05"]
[Round "7.11"]
[White "Cunha, Rafael Fernandes"]
[Black "Gomes, Jonathan Sagastume"]
[Result "1-0"]
[WhiteElo "1916"]
[BlackElo "1763"]
[PlyCount "31"]
[EventDate "2013.09.27"]
[EventType "swiss"]
[EventRounds "9"]
[EventCountry "BRA"]
[SourceTitle "EXT 2015"]
[Source "ChessBase"]
[SourceDate "2014.11.20"]
[SourceVersion "1"]
[SourceVersionDate "2014.11.20"]
[SourceQuality "1"]

1. d4 d5 2. c4 e6 3. Nc3 Nf6 4. Bg5 Be7 5. e3 Bd7 6. Nf3 Nc6 7. Qc2 0-0 8. a3 Na5 9. Bxf6 Bxf6 10. cxd5 exd5 11. Nxd5 Bc6 12. Nxf6+ Qxf6 13. Be2 Rad8 14. b4 Bxf3 15. Bxf3 c5 16. bxa5 1-0

[Event "Potiguar-ch"]
[Site "Natal"]
[Date "2013.10.04"]
[Round "6.15"]
[White "Gomes, Jonathan Sagastume"]
[Black "Costa Avelino, Thiago Cesar"]
[Result "1-0"]
[WhiteElo "1763"]
[BlackElo "1734"]
[PlyCount "59"]
[EventDate "2013.09.27"]
[EventType "swiss"]
[EventRounds "9"]
[EventCountry "BRA"]
[SourceTitle "EXT 2015"]
[Source "ChessBase"]
[SourceDate "2014.11.20"]
[SourceVersion "1"]
[SourceVersionDate "2014.11.20"]
[SourceQuality "1"]

1. e4 c5 2. Nf3 d6 3. d4 cxd4 4. Nxd4 Nf6 5. Nc3 a6 6. f3 Nbd7 7. Be3 e6 8. Bc4 Be7 9. Qd2 0-0 10. 0-0-0 b5 11. Bb3 Bb7 12. g4 Nc5 13. Kb1 Nxb3 14. axb3 d5 15. e5 Nd7 16. f4 Qc7 17. h4 Rac8 18. g5 g6 19. h5 Nc5 20. hxg6 fxg6 21. b4 Na4 22. Nxa4 bxa4 23. Nxe6 Qc4 24. Nxf8 Bxf8 25. Rh2 Bxb4 26. Qd4 Qb5 27. Qd3 Rc4 28. Bd4 a3 29. e6 axb2 30. Qxg6+ 1-0

[Event "Potiguar-ch"]
[Site "Natal"]
[Date "2013.09.28"]
[Round "3.15"]
[White "Gomes, Jonathan Sagastume"]
[Black "Lacerda, Gabriel Valero Bell"]
[Result "1/2-1/2"]
[WhiteElo "1763"]
[BlackElo "1757"]
[PlyCount "81"]
[EventDate "2013.09.27"]
[EventType "swiss"]
[EventRounds "9"]
[EventCountry "BRA"]
[SourceTitle "EXT 2015"]
[Source "ChessBase"]
[SourceDate "2014.11.20"]
[SourceVersion "1"]
[SourceVersionDate "2014.11.20"]
[SourceQuality "1"]

1. e4 e5 2. Nf3 Nc6 3. Bc4 Nf6 4. d3 Bc5 5. Nc3 d6 6. h3 h6 7. 0-0 0-0 8. Be3 Bb6 9. d4 exd4 10. Bxd4 Nxd4 11. Nxd4 Re8 12. Re1 Nd7 13. Nf3 Nc5 14. b4 Ne6 15. a4 a5 16. b5 Nc5 17. e5 dxe5 18. Qxd8 Rxd8 19. Nxe5 Be6 20. Bxe6 Nxe6 21. Ne2 Rd2 22. c4 Nd4 23. Nxd4 Bxd4 24. Nf3 Bxf2+ 25. Kf1 Bxe1 26. Rxe1 Rd7 27. Kf2 Kf8 28. Kg3 Re8 29. Rc1 Rd3 30. c5 Ree3 31. c6 b6 32. Rc4 Rb3 33. Rd4 Red3 34. Re4 Rb4 35. Re2 Rxa4 36. Kf2 Rb4 37. Ne5 Rf4+ 38. Ke1 Rb3 39. Nd7+ Kg8 40. Re8+ Kh7 41. Nf8+ 1/2-1/2

[Event "Potiguar-ch"]
[Site "Natal"]
[Date "2013.09.28"]
[Round "2"]
[White "Oliveira, Gabriel Betanio"]
[Black "Gomes, Jonathan Sagastume"]
[Result "0-1"]
[WhiteElo "1825"]
[BlackElo "1763"]
[PlyCount "92"]
[EventDate "2013.09.27"]
[EventType "swiss"]
[EventRounds "9"]
[EventCountry "BRA"]
[SourceTitle "EXT 2015"]
[Source "ChessBase"]
[SourceDate "2014.11.20"]
[SourceVersion "1"]
[SourceVersionDate "2014.11.20"]
[SourceQuality "1"]

1. e4 e5 2. Nf3 d6 3. d4 exd4 4. Nxd4 Nf6 5. Nc3 Be7 6. Bg5 Nxe4 7. Bxe7 Qxe7 8. Qe2 Nxc3 9. Qxe7+ Kxe7 10. bxc3 Re8 11. Be2 Kf8 12. 0-0 c5 13. Bb5 cxd4 14. Bxe8 Kxe8 15. cxd4 Bf5 16. Rfe1+ Kd7 17. Re2 Nc6 18. c3 Rc8 19. Rae1 d5 20. h3 Kd6 21. g4 Be6 22. f4 g6 23. Rf2 f5 24. Rfe2 Re8 25. Kf2 Re7 26. gxf5 Bxf5 27. Rxe7 Nxe7 28. Kg3 Nc6 29. Kh4 h6 30. Kg3 b5 31. h4 h5 32. a3 Kc7 33. Re8 Kb6 34. Kf2 Ka5 35. Kf3 Ka4 36. Ke3 Kxa3 37. Kd2 Kb3 38. Rg8 a5 39. Rg7 b4 40. Rb7 Kc4 41. Rb6 bxc3+ 42. Kc1 Nxd4 43. Kd1 Kd3 44. Rd6 c2+ 45. Kc1 Ne2+ 46. Kb2 c1Q+ 0-1